000 00440nam a2200133Ia 4500
008 100328s9999 xx 000 0 und d
082 _b26501
100 _aनास्नोलकर हरगोविंद
245 _aएक गिााड एक डाकू
260 _bबांदोडकर
630 _aएक गिााड एक डाकू
730 _aएक गिााड एक डाकू
942 _cBOOK
999 _c518851
_d518848